000 00356nam a2200133Ia 4500
005 20251222143153.0
008 251222s9999||||xx |||||||||||||| ||spa||
020 _a978-985-20-0*908-3
082 _a370.733/Z25
100 _aZambrano Leal, Armando
245 0 _aFormación, Experiencia y Saber
264 _bCooperativa Editorial Magisterio
942 _cLIB
999 _c12779
_d12779